Wszystkie komunistyczne kraje w historii - Statystyki

Ogólne statystyki
  • Ten quiz został rozwiązany 946 razy
  • Średni wynik to 13 z 26
Statystyki odpowiedzi
Lata Kraj % Poprawnych
1944–1989 Polska
96%
1922–1991 Związek Radziecki
90%
1949– Chiny
88%
1948–2009 Korea Północna
81%
1949–1990 Niemcy Wschodnie
77%
1948–1990 Czechosłowacja
76%
1945–1991 Jugosławia
76%
1947–1989 Rumunia
75%
1949–1989 Węgry
73%
1959– Kuba
70%
1976– Wietnam
69%
1946–1990 Bułgaria
64%
1924– Mongolia
53%
1975– Laos
51%
1946–1992 Albania
50%
1979–1989 Kambodża
45%
1978–1992 Afganistan
35%
1975–1992 Angola
26%
1970–1991 Republika Konga
22%
1987–1991 Etiopia
20%
1975–1990 Mozambik
20%
1969–1991 Somalia
18%
1967–1990 Jemen Południowy
10%
1975–1990 Benin
8%
1979–1983 Grenada
6%
1945–1976 Wietnam Północny
4%
Nie znaleziono quizów pasujących do podanych kryteriów
Rozkład punktacji
Procent ludzi z każdym wynikiem
Percentyl według liczby udzielonych odpowiedzi
Twoja historia wyników
Nie rozwiązałeś tego quizu